00331nam a2200109Ia 4500008004100000082000800041100001800049245003800067942000600105952009500111999001500206240331s9999 xx 000 0 und d bARI aAriyarathne,S 0a Situwam Sahitha Demala janakatha cL 001040708LaWERCLbWERCLcSSCd2024-03-31l0o 390 ARIp4769r2024-03-31w2024-03-31yL c5048d5048